| 000 | 00650nac a22002051u 4500 | ||
|---|---|---|---|
| 008 | 130121s1993 uk ||||| |||| 001 0 eng d | ||
| 010 | _a93025249 | ||
| 020 | _a0419178007 (acid-free paper) | ||
| 020 | _a9780419178002 | ||
| 082 | 0 | 0 |
_a643.12 _bWIL _222 |
| 100 |
_aWilliams, Andrew R. _931939 |
||
| 245 | 1 | 0 |
_aDomestic Building Surveys / _cAndrew R. Williams. |
| 250 | _a1st ed. | ||
| 260 |
_aLondon ; _aNew York : _bE & FN Spon, _c1993. |
||
| 300 |
_axi, 260 p. : _bill. ; _c24 cm. |
||
| 440 | 4 |
_aThe builders bookshelf series _931940 |
|
| 500 | _aIncludes index. | ||
| 650 | 0 |
_aDwellings _xInspection. _931941 |
|
| 942 |
_cBB _k643.12 WIL _2ddc |
||
| 999 |
_c4006 _d4006 |
||